| 000 | 00692cam a2200253 4500 | ||
|---|---|---|---|
| 008 | 000000n2001 000 0 eng u | ||
| 020 | _a1860814662 | ||
| 035 | _a(Sirsi) u112024 | ||
| 050 | _a690 | ||
| 100 | _aBraham, D. | ||
| 110 | _aBuilding Research Establishment | ||
| 245 | _aThermal mass in office buildings : an introduction. | ||
| 260 |
_aLondon _bCRC Ltd. _c2001 |
||
| 300 | _a8p. : ill. ; 30cm. | ||
| 490 |
_aBRE Digest _v454 Part 1 |
||
| 650 | _aOFFICES | ||
| 650 | _aTHERMAL INSULATION | ||
| 650 | _aTHERMAL MASS | ||
| 650 | _aCOOLING | ||
| 690 | _aBUILDING AND CONSTRUCTION-ENERGY MANAGEMENT | ||
| 700 | _aBarnard, N. | ||
| 700 | _aJaunzens, D. | ||
| 942 | _n0 | ||
| 999 |
_c101342 _d101342 |
||